| 000 | 00663nam a2200265Ia 4500 | ||
|---|---|---|---|
| 003 | OSt | ||
| 005 | 20231120105139.0 | ||
| 008 | 210210b1999 xxu||||| |||| 00| 0 eng d | ||
| 040 | _cAL | ||
| 041 | _aeng | ||
| 082 | _a530.076 RAOP | ||
| 100 |
_aRAO (I V)and others _9142268 |
||
| 245 | _aPCM tutor for II puc annual examination | ||
| 260 |
_aMangalore _bBoscoss Publications _c1999 |
||
| 650 |
_atutor _9142269 |
||
| 650 |
_apuc _9142270 |
||
| 650 |
_aPCM _9142271 |
||
| 650 |
_aII _9142272 |
||
| 650 |
_afor _9142273 |
||
| 650 |
_aexamination _9142274 |
||
| 650 |
_aannual _9142275 |
||
| 690 |
_aPhysics _9142276 |
||
| 906 | _a054731 | ||
| 942 |
_2ddc _cBK |
||
| 999 |
_c127617 _d127617 |
||